00309nam a2200109Ia 4500008004100000082001500041100001700056245002200073260002700095630001800122650005900140211109s9999||||xx |||||||||||||| ||und|| a823bBUN-P aBunyan, John 0aPilgrims Progress bOxfordaNew Yorkc1963 xGENERAL STACK aEnglish LiteraturevEnglish FictionxLiteratureEnglish